000 01778cam a2200385 a 4500
001 EDZ0000996539
003 StDuBDS
005 20161031105256.0
006 m||||||||d||||||||
007 cr |||||||||||
008 141202s2010 cau fo| 001|0|eng|d
020 _a9781483387123 (ebook) :
_cNo price
040 _aStDuBDS
_beng
_cStDuBDS
_epn
049 _aAlfaisal Main Library
050 0 _aLB3013
_b.P69 2010
082 0 4 _a371.1024
_223
245 0 0 _aPreventing problem behaviors
_h[electronic resource] :
_bschoolwide programs and classroom practices /
_cBob Algozzine, Ann P. Daunic, Stephen W. Smith.
250 _a2nd ed.
260 _aThousand Oaks, Calif. :
_bCorwin,
_c2010.
300 _a1 online resource (xvi, 231 p.)
504 _aIncludes bibliographical references and index.
520 8 _aIn today's increasingly diverse PreK-12 classrooms, problem behaviours can often interrupt instructional time and disrupt learning. Designed for 21st-century school leaders, administrators, behaviour specialists, and classroom teachers, this research-based guide offers specific strategies and plans for preventing problem behaviour at both the classroom and school level.
521 _aSpecialized.
588 _aDescription based on print version record.
650 0 _aClassroom management
_vHandbooks, manuals, etc.
650 0 _aProblem children
_xBehavior modification
_vHandbooks, manuals, etc.
655 7 _aElectronic books.
_2local
700 1 _aAlgozzine, Robert.
700 1 _aDaunic, Ann P.
700 1 _aSmith, Stephen W.,
_d1952-
710 2 _aSage eBooks
776 0 8 _iPrint version :
_z9781412970488
856 4 0 _uhttp://ezproxy.alfaisal.edu/login?url=http://sk.sagepub.com/books/preventing-problem-behaviors
942 _2lcc
_cEBOOKS
999 _c483253
_d483253